00478 a2200169 4500010001300000020002700013035001300040037001600053082001200069100001900081245003900100250001200139260004400151270005800195300003600253500001900289 aB-593946 a9789332585201c8955.00 aB-593946 bPansy books14a305.2311 aBerk, Laura E.1 aChild developmentcby Laura E.Berk a8th ed. aNew DelhibPrentice-Hall of Indiac2015 aM-97, Connaught CircusbNew DelhicNew Delhie110 001 axxii, 754p.c28cm. (Pbk)bill. aIncludes index